| 000 | 00662nam a22001697a 4500 | ||
|---|---|---|---|
| 999 |
_c168207 _d168207 |
||
| 005 | 20190928135330.0 | ||
| 010 | _aB-161245 | ||
| 020 |
_a81-209-1279-9 _c75.00 |
||
| 037 | _bPitambar Publishing Company PVT.LTD. | ||
| 082 | _aS | ||
| 245 |
_aThe neclace of diamonds/ _cJai prakash bharti |
||
| 260 |
_aNew Delhi _bPitambar Publishing Company PVT.LTD. _c2004 |
||
| 270 |
_a888 East Park Road Karol Bagh New Delhi _bNew Delhi _e110005 _k23625528,23670067,23522997 _l91-11-23676058 |
||
| 300 |
_a68p. _bIll. _c26cm |
||
| 942 |
_2ddc _cCH _hS _mBHA |
||